书目信息 |
| 题名: |
有机化合物污染化学
|
|
| 作者: | 金相灿 主编 | |
| 分册: | ||
| 出版信息: | 北京 清华大学出版社 1990.8 |
|
| 页数: | 306页 | |
| 开本: | 20厘米 | |
| 丛书名: | ||
| 单 册: | ||
| 中图分类: | X131 | |
| 科图分类: | ||
| 主题词: | 有机污染物--环境化学 | |
| 电子资源: | ||
| ISBN: | 978-7-302-00747-0 | |
| 000 | 00646nam 2200217 450 | |
| 001 | 0100320621 | |
| 005 | 20020928000000.0 | |
| 010 | @a978-7-302-00747-0@dCNY8.00 | |
| 100 | @a19910128d1990 km y0chiy0110 ea | |
| 101 | 0 | @achi |
| 102 | @aCN@b110000 | |
| 105 | @ay z 000yy | |
| 106 | @ar | |
| 200 | 1 | @a有机化合物污染化学@9You Ji Hua He;Ge Wu Wu Ran Hua Xue @e有毒有机物污染化学@f金相灿主编@b专著 |
| 210 | @a北京@c清华大学出版社@d1990.8 | |
| 215 | @a306页@d20厘米 | |
| 606 | 0 | @a有机污染物@x环境化学 |
| 690 | @aX131 | |
| 701 | 0 | @a金相灿@f(1945~)@9jin xiang can@4主编 |
| 801 | 0 | @aCN@bAiZhiMarc@c19910128 |
| 905 | @aBZT@dX131@e1@f15@sX131/1 | |
| 有机化合物污染化学:有毒有机物污染化学/金相灿主编.-北京:清华大学出版社,1990.8 |
| 306页;20厘米 |
| ISBN 978-7-302-00747-0:CNY8.00 |
| ● |
| 相关链接 |
|
|
|
正题名:有机化合物污染化学
索取号:X131/1
 
预约/预借
| 序号 | 登录号 | 条形码 | 馆藏地/架位号 | 状态 | 备注 |
| 1 | 2000072862 | 2000072862 | 旧书回溯/ [索取号:X131/1] | 在馆 | |
| 2 | 2000072863 | 2000072863 | 旧书回溯/ [索取号:X131/1] | 在馆 | |
| 3 | 2000072864 | 2000072864 | 旧书回溯/ [索取号:X131/1] | 在馆 | |
| 4 | 2000072865 | 2000072865 | 旧书回溯/ [索取号:X131/1] | 在馆 | |
| 5 | 2000072866 | 2000072866 | 旧书回溯/ [索取号:X131/1] | 在馆 | |
| 6 | 2000072867 | 2000072867 | 旧书回溯/ [索取号:X131/1] | 在馆 | |
| 7 | 2000072868 | 2000072868 | 旧书回溯/ [索取号:X131/1] | 在馆 | |
| 8 | 2000072869 | 2000072869 | 旧书回溯/ [索取号:X131/1] | 在馆 | |
| 9 | 2000095623 | 2000095623 | 旧书回溯/ [索取号:X131/1] | 在馆 | |
| 10 | 2000095624 | 2000095624 | 旧书回溯/ [索取号:X131/1] | 在馆 | |
| 11 | 2000095625 | 2000095625 | 旧书回溯/ [索取号:X131/1] | 在馆 | |
| 12 | 2000095626 | 2000095626 | 旧书回溯/ [索取号:X131/1] | 在馆 | |
| 13 | 2000095627 | 2000095627 | 旧书回溯/ [索取号:X131/1] | 在馆 | |
| 14 | 2000126423 | 2000126423 | 旧书回溯/ [索取号:X131/1] | 在馆 | |
| 15 | 2000126424 | 2000126424 | 旧书回溯/ [索取号:X131/1] | 在馆 |